000 00564nam a22002057a 4500
003 OSt
005 20140310182006.0
008 130729t xxu||||| |||| 00| 0 eng d
050 _aPZ 7
_b.W853 1994
082 _aKF
_bW83a 1994
100 _aWolf, Tony
_95569
245 _aAdventure at the South Pole /
_cTony Wolf.
260 _aMontreal, Canada :
_bTormont Publications Inc,
_c1994.
300 _a10 p. ;
_bill. col. ;
_c18 cm.
541 _j1
562 _e1
650 _aEasy reading
_95570
700 _aWolf, Tony
_95571
942 _2lcc
_cBK-KF
_kKF
999 _c8068
_d8068